000 00273nam a2200121Ia 4500
008 190107s9999 xx 000 0 und d
020 _a9781846043758
100 _aJ.Krishnamurti
245 0 _aFirst and last freedom
260 _bRider Books
365 _b250/-
942 _cBK
999 _c454
_d454